000 00559nam a2200229Ia 4500
003 OSt
005 20221005132326.0
006 a|||||r|||| 00| 0
007 ta
008 221004b |||||||| |||| 00| 0 tam d
024 _a48113
037 _cTextual
040 _aCRL
_cCRL
_btam
041 _2tam
_atam
082 _aO31,1C5:g, K0
100 _aMunisamy Au.
_9640930
245 0 _aThirukkuralinbam
260 _c1960
650 _aTAMIL POETRY
942 _hO31,1C5:g, K0
_cTEXL
_2cc
999 _c1063263
_d1063263